Načítá se...

Tum Kaun Ho/

Podrobná bibliografie
Hlavní autor: Param Sadguru Papaji
Médium: Printed Book
Vydáno: Allahabad: Anamika Prakashan, 2012.
Témata:
LEADER 00617nam a22001937a 4500
999 |c 145198  |d 145198 
020 |a 9788187770541 
082 |a H 294.561  |b PAR/T 
100 |a Param Sadguru Papaji 
245 |a Tum Kaun Ho/  |c by Param Sadguru Papaji 
260 |a Allahabad:  |b Anamika Prakashan,  |c 2012. 
300 |a 255p. 
650 |a Biography Param Sadguru Papaji 
650 |a Biography Guru 
650 |a Biography 
650 |a Hinduism 
650 |a Religion 
942 |c BK 
952 |0 0  |1 0  |4 0  |6 H_294_561000000000000_PAR_T  |7 0  |9 103583  |a SSUS  |b SSUS  |c STACKS  |d 2020-09-23  |g 500.00  |o H 294.561 PAR/T  |p 100461  |r 2020-09-23  |w 2020-09-23  |y BK